[Event "Benasque op 44th"]
[Site "Benasque"]
[Date "2025.07.08"]
[Round "5"]
[White "Samant, Aditya S"]
[Black "Tovmasian, Vardges"]
[Result "1-0"]
[WhiteElo "2499"]
[BlackElo "2352"]
[PlyCount "55"]
[EventDate "2025.07.04"]
[EventType "swiss"]
[EventRounds "10"]
[EventCountry "ESP"]
[SourceTitle "CB29_2025"]
[SourceDate "2025.07.16"]
[SourceVersion "1"]
[SourceVersionDate "2025.07.16"]
[SourceQuality "1"]

1. e4 e5 2. Nf3 Nc6 3. Bb5 Bc5 4. c3 f5 5. d4 fxe4 6. Bxc6 dxc6 7. Nxe5 Bd6 8. Qh5+ g6 9. Qe2 Bf5 10. Nd2 Nf6 11. f3 exf3 12. Ndxf3 Qe7 13. 0-0 0-0-0 14. Nh4 Bg4 15. Qe1 Bxe5 16. dxe5 Rd1 17. Qg3 Rxf1+ 18. Kxf1 Rf8 19. Kg1 Qd7 20. h3 Qd1+ 21. Kh2 Ne4 22. Qxg4+ Qxg4 23. hxg4 Rf1 24. Nf3 Kd7 25. c4 c5 26. b3 Ke6 27. Bb2 Rf2 28. Re1 1-0

[Event "New Delhi op 21st"]
[Site "New Delhi"]
[Date "2025.06.11"]
[Round "7"]
[White "Samant, Aditya S"]
[Black "Tologontegin, Semetey"]
[Result "1/2-1/2"]
[WhiteElo "2498"]
[BlackElo "2322"]
[PlyCount "102"]
[EventDate "2025.06.07"]
[EventType "swiss"]
[EventRounds "10"]
[EventCountry "IND"]
[SourceTitle "CB26_2025"]
[SourceDate "2025.06.25"]
[SourceVersion "1"]
[SourceVersionDate "2025.06.25"]
[SourceQuality "1"]

1. e4 e6 2. d4 d5 3. Nc3 Bb4 4. e5 c5 5. a3 Bxc3+ 6. bxc3 Nc6 7. Qg4 g6 8. h4 h6 9. h5 g5 10. f4 Qa5 11. Bd2 f5 12. Qg3 g4 13. c4 Qa4 14. dxc5 dxc4 15. Qc3 b5 16. cxb6 Ba6 17. Ne2 Nge7 18. Qb2 Nd5 19. Nc3 Nxc3 20. Qxc3 axb6 21. g3 Kf7 22. Bg2 Rhd8 23. Be3 Rab8 24. 0-0 Ne7 25. Rfd1 Rxd1+ 26. Rxd1 Bb7 27. Bxb7 Rxb7 28. Rd6 Nd5 29. Rxd5 exd5 30. e6+ Kxe6 31. Qe5+ Kd7 32. Qxf5+ Kc7 33. Qe5+ Kc8 34. f5 Rd7 35. f6 d4 36. Bf4 Kb7 37. Qb8+ Ka6 38. Qc8+ Rb7 39. f7 Qxc2 40. f8Q Qd1+ 41. Kf2 Qf3+ 42. Ke1 Qh1+ 43. Kd2 Qg2+ 44. Kc1 Qf1+ 45. Kc2 Qd3+ 46. Kc1 Qf1+ 47. Kb2 Qe2+ 48. Kb1 Qd3+ 49. Ka2 Qb3+ 50. Ka1 Qd1+ 51. Ka2 Qc2+ 1/2-1/2

[Event "New Delhi op 21st"]
[Site "New Delhi"]
[Date "2025.06.10"]
[Round "5"]
[White "Bhoir, Paras Dilip"]
[Black "Samant, Aditya S"]
[Result "0-1"]
[WhiteElo "2249"]
[BlackElo "2498"]
[PlyCount "120"]
[EventDate "2025.06.07"]
[EventType "swiss"]
[EventRounds "10"]
[EventCountry "IND"]
[SourceTitle "CB26_2025"]
[SourceDate "2025.06.25"]
[SourceVersion "1"]
[SourceVersionDate "2025.06.25"]
[SourceQuality "1"]

1. e4 c6 2. d4 d5 3. e5 Bf5 4. h4 h5 5. Bd3 Bxd3 6. Qxd3 Qa5+ 7. Nd2 e6 8. Ngf3 Nh6 9. 0-0 Nf5 10. c4 Be7 11. g3 Nd7 12. Rd1 Rd8 13. Qe2 0-0 14. cxd5 cxd5 15. Nf1 Qa6 16. Qxa6 bxa6 17. Ne3 Nxe3 18. Bxe3 Rc8 19. Rac1 a5 20. Rxc8 Rxc8 21. Rc1 Rxc1+ 22. Bxc1 a4 23. Kf1 Nb8 24. Ke2 Nc6 25. a3 f6 26. Bf4 Kf7 27. Kd3 Bd8 28. exf6 gxf6 29. Nd2 e5 30. dxe5 fxe5 31. Be3 Ke6 32. f3 Kf5 33. Bf2 Bf6 34. Bc5 Bg7 35. Bf2 e4+ 36. fxe4+ dxe4+ 37. Nxe4 Ne5+ 38. Ke3 Ng4+ 39. Kf3 Nxf2 40. Nxf2 Bxb2 41. g4+ hxg4+ 42. Nxg4 Bxa3 43. Ne3+ Ke6 44. Ke4 Bb2 45. Nc2 a5 46. Kd3 a3 47. Kc4 a2 48. Kb5 Bc3 49. Ka4 Kf6 50. h5 Kg5 51. Na1 Bxa1 52. Kb3 Kxh5 53. Kxa2 Bf6 54. Kb3 Kg5 55. Kc4 Kf5 56. Kb5 Bd8 57. Ka4 Ke5 58. Kb3 Kd5 59. Kc3 Kc5 60. Kd3 Kb4 0-1

[Event "US Masters op"]
[Site "Charlotte"]
[Date "2024.12.01"]
[Round "8"]
[White "Samant, Aditya S"]
[Black "Burke, John M"]
[Result "1/2-1/2"]
[WhiteElo "2478"]
[BlackElo "2573"]
[PlyCount "48"]
[EventDate "2024.11.27"]
[EventType "swiss"]
[EventRounds "9"]
[EventCountry "USA"]
[SourceTitle "CB49_2024"]
[SourceDate "2024.12.04"]
[SourceVersion "1"]
[SourceVersionDate "2024.12.04"]
[SourceQuality "1"]

1. e4 e5 2. Nf3 Nc6 3. Bb5 a6 4. Ba4 Nf6 5. 0-0 Be7 6. Re1 b5 7. Bb3 0-0 8. h3 Bb7 9. d3 d5 10. exd5 Nxd5 11. Nc3 Nxc3 12. bxc3 Bf6 13. Ba3 Re8 14. Nd2 Na5 15. Ne4 Bh4 16. Qg4 Nxb3 17. axb3 a5 18. c4 Bc6 19. Bc1 a4 20. cxb5 Bxb5 21. bxa4 Rxa4 22. Rxa4 Bxa4 23. Bh6 g6 24. Ng5 Qd4 1/2-1/2

[Event "US Masters op"]
[Site "Charlotte"]
[Date "2024.11.29"]
[Round "4"]
[White "Oparin, Grigoriy"]
[Black "Samant, Aditya S"]
[Result "1/2-1/2"]
[WhiteElo "2653"]
[BlackElo "2478"]
[PlyCount "58"]
[EventDate "2024.11.27"]
[EventType "swiss"]
[EventRounds "9"]
[EventCountry "USA"]
[SourceTitle "CB49_2024"]
[SourceDate "2024.12.04"]
[SourceVersion "1"]
[SourceVersionDate "2024.12.04"]
[SourceQuality "1"]

1. e4 c6 2. d4 d5 3. e5 Bf5 4. c4 e6 5. Nc3 Ne7 6. Nge2 Nd7 7. Ng3 dxc4 8. Bxc4 Nb6 9. Bb3 Bg6 10. h4 h6 11. 0-0 Qd7 12. h5 Bh7 13. Be3 Ned5 14. Qf3 Be7 15. Nce4 0-0 16. Bd2 Kh8 17. Rad1 f6 18. Nc5 Qc8 19. Qe2 fxe5 20. Qxe5 Nd7 21. Qxe6 Nxc5 22. Qxc8 Raxc8 23. dxc5 Bd3 24. Bxd5 cxd5 25. Rfe1 Bxc5 26. Be3 Bb4 27. Bd2 Bc5 28. Be3 Bb4 29. Bd2 Bc5 1/2-1/2

[Event "Titled Tuesday intern op 26th Nov Late"]
[Site "Chess.com INT"]
[Date "2024.11.26"]
[Round "3"]
[White "Galstyan, David"]
[Black "Samant, Aditya S"]
[Result "0-1"]
[WhiteElo "2304"]
[BlackElo "2478"]
[PlyCount "84"]
[EventDate "2024.11.26"]
[EventType "swiss (blitz)"]
[EventRounds "11"]
[EventCountry "USA"]
[SourceTitle "CB49_2024"]
[SourceDate "2024.12.04"]
[SourceVersion "1"]
[SourceVersionDate "2024.12.04"]
[SourceQuality "1"]

1. e4 e6 2. d4 d5 3. Nc3 Bb4 4. exd5 exd5 5. Bd3 Nf6 6. h3 0-0 7. Qf3 Re8+ 8. Nge2 Nbd7 9. 0-0 Nf8 10. a3 Bd6 11. Bf4 c6 12. Bxd6 Qxd6 13. Qf4 Qd8 14. Ng3 Ng6 15. Bxg6 hxg6 16. Rfe1 Be6 17. Na4 Nd7 18. b4 Qf6 19. Qxf6 gxf6 20. Nc5 Rab8 21. Nxd7 Bxd7 22. f4 Kf8 23. Kf2 Rxe1 24. Rxe1 a5 25. bxa5 Ra8 26. Rb1 Bc8 27. f5 Rxa5 28. Rb3 Ra4 29. Ke3 Ke7 30. h4 Kd6 31. h5 gxh5 32. Nxh5 Bxf5 33. Rxb7 Rxa3+ 34. Kf4 Bxc2 35. Nxf6 Rd3 36. Ne8+ Ke6 37. Ng7+ Kf6 38. Ne8+ Kg6 39. Ke5 Re3+ 40. Kd6 Rxe8 41. Kxc6 Re2 42. Rd7 Ba4+ 0-1

[Event "Titled Tuesday intern op 26th Nov Late"]
[Site "Chess.com INT"]
[Date "2024.11.26"]
[Round "1"]
[White "Le Goff, Ronan"]
[Black "Samant, Aditya S"]
[Result "0-1"]
[WhiteElo "2245"]
[BlackElo "2478"]
[PlyCount "132"]
[EventDate "2024.11.26"]
[EventType "swiss (blitz)"]
[EventRounds "11"]
[EventCountry "USA"]
[SourceTitle "CB49_2024"]
[SourceDate "2024.12.04"]
[SourceVersion "1"]
[SourceVersionDate "2024.12.04"]
[SourceQuality "1"]

1. d4 e6 2. c4 Nf6 3. Nc3 Bb4 4. Nf3 Nc6 5. Bd2 0-0 6. Qc2 d6 7. a3 Bxc3 8. Bxc3 Qe7 9. g3 e5 10. dxe5 dxe5 11. Bg2 a5 12. 0-0 a4 13. Rad1 Bg4 14. h3 Bh5 15. Qf5 Bg6 16. Qg5 h6 17. Qe3 Be4 18. Nxe5 Bxg2 19. Kxg2 Qe6 20. Nxc6 Qxc6+ 21. Qf3 Ne4 22. Bb4 Rfe8 23. Rd4 Qe6 24. Rd5 c6 25. Rd3 Qxc4 26. Rd7 c5 27. Bc3 b5 28. Rfd1 Ng5 29. Qf5 Rxe2 30. h4 Qe4+ 31. Qxe4 Nxe4 32. Kf3 Nxc3 33. bxc3 Ra2 34. Rb7 Rxa3 35. Rdd7 Rxc3+ 36. Kg2 Rf8 37. Rxb5 a3 38. Ra5 g6 39. Rda7 Kg7 40. Rxa3 Rxa3 41. Rxa3 Rc8 42. Rc3 Kf6 43. Kf3 Ke5 44. Ke3 c4 45. Kd2 Kd4 46. Rf3 Rc7 47. Rf4+ Kd5 48. Kc3 g5 49. hxg5 hxg5 50. Rd4+ Ke5 51. Rd2 Ke4 52. Re2+ Kf3 53. Re5 Kg4 54. Re4+ Kf3 55. Re5 Kxf2 56. Rf5+ Kxg3 57. Rxg5+ Kf4 58. Rd5 f5 59. Kd2 c3+ 60. Kc2 Kg4 61. Rd8 f4 62. Rg8+ Kf3 63. Rf8 Ke3 64. Re8+ Kf2 65. Re4 f3 66. Re7 Rxe7 0-1

[Event "Titled Tuesday intern op 17th Sep Early"]
[Site "Chess,com INT"]
[Date "2024.09.17"]
[Round "2"]
[White "Grutter, Tim"]
[Black "Samant, Aditya S"]
[Result "1/2-1/2"]
[WhiteElo "2350"]
[BlackElo "2472"]
[PlyCount "115"]
[EventDate "2024.09.17"]
[EventType "swiss (blitz)"]
[EventRounds "11"]
[EventCountry "USA"]
[SourceTitle "EXT 2025"]
[Source "ChessBase"]
[SourceDate "2024.10.14"]
[SourceVersion "1"]
[SourceVersionDate "2024.10.14"]
[SourceQuality "1"]

1. e4 d6 2. d4 Nf6 3. Nc3 c6 4. f4 Qa5 5. Bd3 e5 6. fxe5 dxe5 7. dxe5 Ng4 8. Nf3 Nxe5 9. Nxe5 Qxe5 10. Qf3 Bd6 11. Bd2 0-0 12. 0-0-0 Nd7 13. g3 Qe7 14. Be2 Ne5 15. Qf2 Be6 16. Kb1 b5 17. Bf4 Bc5 18. Be3 Bxe3 19. Qxe3 a5 20. Qd4 f6 21. Qd6 Qxd6 22. Rxd6 Kf7 23. Rhd1 Ke7 24. R6d4 Rfd8 25. Kc1 Rxd4 26. Rxd4 Rd8 27. Rxd8 Kxd8 28. Kd2 Kc7 29. a3 a4 30. Ke3 Kd6 31. Kd4 Bc4 32. Bxc4 Nxc4 33. Nxa4 Ne5 34. Nc3 Nf3+ 35. Ke3 Nxh2 36. Kf4 Ke6 37. Ne2 g5+ 38. Ke3 Ng4+ 39. Kd4 Kd6 40. c4 h5 41. cxb5 cxb5 42. b3 h4 43. gxh4 gxh4 44. a4 bxa4 45. bxa4 h3 46. Ng3 h2 47. Nh1 Kc6 48. Kd3 Kc5 49. Ke2 Kb4 50. Kf3 Ne5+ 51. Kf4 Kxa4 52. Kf5 Kb4 53. Kxf6 Nf3 54. e5 Nxe5 55. Kxe5 Kc5 56. Kf4 Kc6 57. Kg3 Kc7 58. Kxh2 1/2-1/2

[Event "Titled Tuesday intern op 17th Sep Early"]
[Site "Chess,com INT"]
[Date "2024.09.17"]
[Round "1"]
[White "Samant, Aditya S"]
[Black "Paragua, Megan Althea"]
[Result "1-0"]
[WhiteElo "2472"]
[BlackElo "2190"]
[PlyCount "37"]
[EventDate "2024.09.17"]
[EventType "swiss (blitz)"]
[EventRounds "11"]
[EventCountry "USA"]
[SourceTitle "EXT 2025"]
[Source "ChessBase"]
[SourceDate "2024.10.14"]
[SourceVersion "1"]
[SourceVersionDate "2024.10.14"]
[SourceQuality "1"]

1. d4 Nf6 2. c4 e6 3. Nf3 d5 4. e3 Be7 5. Nc3 0-0 6. cxd5 exd5 7. Bd3 b6 8. 0-0 Bb7 9. Ne5 Nbd7 10. f4 c5 11. Qf3 a6 12. Qh3 Re8 13. Nxd7 Qxd7 14. Bxh7+ Kf8 15. Bf5 Qc7 16. Bd2 Bc8 17. Qh8+ Ng8 18. Bh7 Bf6 19. Nxd5 1-0

[Event "Titled Tuesday intern op 10th Sep Early"]
[Site "Chess,com INT"]
[Date "2024.09.10"]
[Round "8"]
[White "Munoz, Francisco Javier"]
[Black "Samant, Aditya S"]
[Result "1-0"]
[WhiteElo "2389"]
[BlackElo "2472"]
[PlyCount "93"]
[EventDate "2024.09.10"]
[EventType "swiss (blitz)"]
[EventRounds "11"]
[EventCountry "USA"]
[SourceTitle "EXT 2025"]
[Source "ChessBase"]
[SourceDate "2024.10.14"]
[SourceVersion "1"]
[SourceVersionDate "2024.10.14"]
[SourceQuality "1"]

1. e4 d6 2. Nc3 Nf6 3. d4 g6 4. Be3 Bg7 5. f3 c6 6. Qd2 b5 7. 0-0-0 Qa5 8. Kb1 0-0 9. g4 b4 10. Nce2 Nfd7 11. Nc1 Nb6 12. Nb3 Qa4 13. Bh6 Ba6 14. h4 Bxf1 15. Bxg7 Kxg7 16. Rxf1 Nc4 17. Qc1 Nd7 18. h5 Rh8 19. Ne2 Qb5 20. Ng3 e6 21. f4 a5 22. f5 a4 23. fxe6 fxe6 24. h6+ Kg8 25. Nd2 b3 26. cxb3 Nxd2+ 27. Qxd2 axb3 28. a3 Rf8 29. e5 dxe5 30. dxe5 Qd5 31. Qg5 Nxe5 32. Rxf8+ Kxf8 33. Qf6+ Ke8 34. Qxh8+ Kd7 35. Re1 Nd3 36. Rd1 c5 37. Qc3 c4 38. Ne2 e5 39. Nc1 e4 40. Nxd3 cxd3 41. Qg7+ Ke6 42. Rf1 Qg5 43. Qf7+ Ke5 44. Qe8+ Kd4 45. Qd7+ Ke3 46. Qa7+ Ke2 47. Qf2# 1-0

[Event "Titled Tuesday intern op 10th Sep Early"]
[Site "Chess,com INT"]
[Date "2024.09.10"]
[Round "4"]
[White "Stevik, Patrik1"]
[Black "Samant, Aditya S"]
[Result "0-1"]
[WhiteElo "2254"]
[BlackElo "2472"]
[PlyCount "108"]
[EventDate "2024.09.10"]
[EventType "swiss (blitz)"]
[EventRounds "11"]
[EventCountry "USA"]
[SourceTitle "EXT 2025"]
[Source "ChessBase"]
[SourceDate "2024.10.14"]
[SourceVersion "1"]
[SourceVersionDate "2024.10.14"]
[SourceQuality "1"]

1. e4 d6 2. d4 Nf6 3. Nc3 g6 4. Be3 Bg7 5. Qd2 c6 6. f3 b5 7. a3 Nbd7 8. h4 e5 9. 0-0-0 h5 10. Nge2 a5 11. Bg5 b4 12. Nb1 Qb6 13. a4 Ba6 14. dxe5 dxe5 15. Ng3 0-0 16. Bxa6 Qxa6 17. Nf1 Nc5 18. b3 Ne6 19. Ne3 Rfd8 20. Qf2 Qa7 21. Rhf1 Nxg5 22. hxg5 Nh7 23. g4 hxg4 24. Nxg4 Qxf2 25. Nxf2 Nxg5 26. Nd3 Ne6 27. Kb2 Bh6 28. Nd2 Bxd2 29. Rxd2 f6 30. Rh2 Kg7 31. Rg2 g5 32. f4 Rxd3 33. cxd3 exf4 34. Rc2 c5 35. d4 cxd4 36. Rc6 Re8 37. Ra6 g4 38. Rxa5 g3 39. Rf5 Kg6 40. a5 d3 41. Kc1 Rc8+ 42. Kd2 Rc3 43. Rb1 Nd4 44. Rxf4 Kg5 45. Rff1 Nxb3+ 46. Ke3 d2+ 47. Ke2 Rc1 48. a6 g2 49. Rg1 Rxb1 50. Rxb1 Nc1+ 51. Kxd2 g1Q 52. Rxc1 Qd4+ 53. Kc2 Qc4+ 54. Kb2 Qxa6 0-1

[Event "Benasque op 43rd"]
[Site "Benasque"]
[Date "2024.07.11"]
[Round "7"]
[White "Samant, Aditya S"]
[Black "Pranav, Anand"]
[Result "1/2-1/2"]
[WhiteElo "2467"]
[BlackElo "2540"]
[PlyCount "98"]
[EventDate "2024.07.05"]
[EventType "swiss"]
[EventRounds "10"]
[EventCountry "ESP"]
[SourceTitle "CBM 221 Extra"]
[Source "ChessBase"]
[SourceDate "2024.09.30"]
[SourceVersion "1"]
[SourceVersionDate "2024.09.30"]
[SourceQuality "1"]

1. e4 c5 2. Nf3 d6 3. d4 cxd4 4. Nxd4 Nf6 5. Nc3 a6 6. Be3 e5 7. Nf3 Qc7 8. a4 Be7 9. Be2 0-0 10. 0-0 b6 11. Qd3 Nbd7 12. Qc4 Qd8 13. Nd2 Bb7 14. Qd3 Rc8 15. Rfd1 Qc7 16. Nc4 Rcd8 17. Bf3 Nc5 18. Bxc5 dxc5 19. Qf1 Rd4 20. b3 g6 21. Ne3 Rfd8 22. Nc4 h5 23. Re1 Bf8 24. Rad1 Bg7 25. h4 Bh6 26. g3 Re8 27. Bg2 Red8 28. Qe2 Bg7 29. Ne3 Qd6 30. Nc4 Qe6 31. Ne3 Bh6 32. Ned5 Kg7 33. Nxf6 Qxf6 34. Nd5 Qe6 35. c3 Rxd1 36. Rxd1 a5 37. Kh2 Bxd5 38. Rxd5 Rxd5 39. exd5 Qd6 40. Qb5 Kf6 41. Qc6 Ke7 42. Qb7+ Kf6 43. Qc6 Bf8 44. Bf1 Kg7 45. Bb5 Qf6 46. Kg2 e4 47. Qxf6+ Kxf6 48. f3 exf3+ 49. Kxf3 Bd6 1/2-1/2

[Event "Adeje Arona op"]
[Site "Adeje"]
[Date "2024.06.22"]
[Round "1"]
[White "Merriman, James"]
[Black "Samant, Aditya S"]
[Result "1/2-1/2"]
[WhiteElo "1974"]
[BlackElo "2469"]
[PlyCount "46"]
[EventDate "2024.06.22"]
[EventType "swiss"]
[EventRounds "10"]
[EventCountry "ESP"]
[SourceTitle "CBM 220 Extra"]
[Source "ChessBase"]
[SourceDate "2024.07.31"]
[SourceVersion "1"]
[SourceVersionDate "2024.07.31"]
[SourceQuality "1"]

1. d4 Nf6 2. c4 e6 3. Nc3 Bb4 4. Qc2 d6 5. e4 c5 6. d5 0-0 7. Bd3 b5 8. cxb5 exd5 9. exd5 Bb7 10. Nge2 Nbd7 11. 0-0 h6 12. Bf4 Nb6 13. Rad1 Re8 14. a3 Bxc3 15. Nxc3 Nbxd5 16. Nxd5 Bxd5 17. Qc3 Qd7 18. Bxh6 Bxg2 19. Kxg2 Qg4+ 20. Kh1 Qf3+ 21. Kg1 Qg4+ 22. Kh1 Qf3+ 23. Kg1 Qg4+ 1/2-1/2

[Event "Wch U20 61st"]
[Site "Gandhinagar"]
[Date "2024.06.09"]
[Round "7"]
[White "Mnyasta, Charlton"]
[Black "Samant, Aditya S"]
[Result "0-1"]
[WhiteElo "2174"]
[BlackElo "2469"]
[PlyCount "115"]
[EventDate "2024.06.02"]
[EventType "swiss"]
[EventRounds "11"]
[EventCountry "IND"]
[SourceTitle "CBM 220 Extra"]
[Source "ChessBase"]
[SourceDate "2024.07.31"]
[SourceVersion "1"]
[SourceVersionDate "2024.07.31"]
[SourceQuality "1"]

1. e4 c6 2. d4 d5 3. exd5 cxd5 4. c4 Nf6 5. Nc3 Nc6 6. Nf3 a6 7. cxd5 Nxd5 8. Bc4 Be6 9. Bb3 Na5 10. Ng5 Qd7 11. 0-0 Nxb3 12. Qxb3 Nxc3 13. Qxc3 Bd5 14. Re1 Qg4 15. f3 Qd7 16. Qd3 e6 17. Bf4 h6 18. Ne4 Be7 19. Nc3 0-0 20. Rad1 Rfd8 21. b3 Rac8 22. Ne2 Qb5 23. Nc1 Qxd3 24. Nxd3 Rc3 25. Re2 a5 26. Kf2 a4 27. Nc1 axb3 28. axb3 Bxb3 29. Nxb3 Rxb3 30. Rc2 Bf6 31. Be3 b5 32. Rdd2 Rd7 33. Ke2 g5 34. Rc8+ Kg7 35. Rb8 Rb1 36. h3 Rb4 37. Rb6 Rb3 38. Rb8 Rb1 39. Rb6 Rb4 40. Rb8 Rb3 41. Bf2 Rd5 42. Rb7 Kg6 43. Rb6 h5 44. Kd1 Rb4 45. Ke2 Rb1 46. Kd3 Rb3+ 47. Ke2 Bd8 48. Rb7 Ba5 49. Rd1 Rb2+ 50. Kf1 Bc3 51. Be3 b4 52. Kg1 e5 53. Ra1 exd4 54. Ra6+ f6 55. Bf2 d3 56. Be3 d2 57. Bxd2 Rdxd2 58. Rb5 0-1

[Event "Wch U20 61st"]
[Site "Gandhinagar"]
[Date "2024.06.05"]
[Round "4"]
[White "Samant, Aditya S"]
[Black "Smirnov, Mark1"]
[Result "1-0"]
[WhiteElo "2469"]
[BlackElo "2203"]
[PlyCount "85"]
[EventDate "2024.06.02"]
[EventType "swiss"]
[EventRounds "11"]
[EventCountry "IND"]
[SourceTitle "CBM 220 Extra"]
[Source "ChessBase"]
[SourceDate "2024.07.31"]
[SourceVersion "1"]
[SourceVersionDate "2024.07.31"]
[SourceQuality "1"]

1. e4 e5 2. Nf3 Nf6 3. d4 Nxe4 4. Bd3 d5 5. Nxe5 Bd6 6. 0-0 0-0 7. Nd2 Nxd2 8. Bxd2 Nc6 9. Nxc6 bxc6 10. Qh5 f5 11. c4 Qf6 12. c5 Qxd4 13. cxd6 Qxd3 14. Bc3 f4 15. dxc7 Qf5 16. Qxf5 Bxf5 17. Be5 g5 18. Rac1 Bd7 19. Rfe1 Kf7 20. f3 Rfe8 21. Kf2 Kg6 22. g3 Kf5 23. g4+ Kg6 24. h4 h6 25. Bd6 Kf6 26. hxg5+ hxg5 27. Rh1 Kg6 28. Rce1 a6 29. Be7 Rh8 30. Bd8 Rxh1 31. Rxh1 Ra7 32. Rc1 Ra8 33. Re1 Ra7 34. Re7 Bc8 35. Re5 Rb7 36. Rxg5+ Kf7 37. b3 Rb4 38. Rf5+ Ke8 39. Re5+ Kf7 40. Re7+ Kf8 41. Rh7 Ke8 42. Rh8+ Kd7 43. g5 1-0

[Event "Titled Tuesday intern op 28th May Early"]
[Site "Chess.com INT"]
[Date "2024.05.28"]
[Round "6"]
[White "Feuerstack, Aljoscha"]
[Black "Samant, Aditya S"]
[Result "0-1"]
[WhiteElo "2487"]
[BlackElo "2499"]
[PlyCount "108"]
[EventDate "2024.05.28"]
[EventType "swiss (blitz)"]
[EventRounds "11"]
[EventCountry "USA"]
[SourceTitle "EXT 2025"]
[Source "ChessBase"]
[SourceDate "2024.10.14"]
[SourceVersion "1"]
[SourceVersionDate "2024.10.14"]
[SourceQuality "1"]

1. e4 c5 2. Nf3 e6 3. d3 Nc6 4. g3 d5 5. Nbd2 g6 6. Bg2 Bg7 7. 0-0 Nge7 8. c3 h6 9. Re1 b6 10. exd5 Nxd5 11. Nc4 0-0 12. a4 Qc7 13. Nfd2 Rd8 14. Qc2 Bb7 15. Nf1 Qd7 16. h4 Rab8 17. Nh2 Nf6 18. Bf4 Ra8 19. Nd6 Ba6 20. d4 Nd5 21. Bxd5 exd5 22. dxc5 bxc5 23. Rad1 d4 24. Qd2 g5 25. hxg5 hxg5 26. Bxg5 Qxd6 27. Bxd8 Rxd8 28. Qg5 Bb7 29. Ng4 Qg6 30. Qxg6 fxg6 31. Nh2 Kf7 32. Nf1 dxc3 33. Rxd8 Nxd8 34. bxc3 Bxc3 35. Rd1 Bd4 36. Ne3 Ne6 37. Nc4 Bd5 38. Nd6+ Ke7 39. Nc8+ Kd7 40. Nxa7 Ng5 41. Nb5 Nf3+ 42. Kf1 g5 43. a5 g4 44. Nxd4 cxd4 45. a6 Bc4+ 46. Kg2 Bxa6 47. Ra1 Bb7 48. Ra7 Kc7 49. Kf1 Kb6 50. Ra3 Ba6+ 51. Kg2 d3 52. Ra4 d2 53. Rb4+ Kc5 54. Rxg4 d1Q 0-1

[Event "Titled Tuesday intern op 28th May Early"]
[Site "Chess.com INT"]
[Date "2024.05.28"]
[Round "2"]
[White "Titarov, Vasilii"]
[Black "Samant, Aditya S"]
[Result "0-1"]
[WhiteElo "2160"]
[BlackElo "2499"]
[PlyCount "75"]
[EventDate "2024.05.28"]
[EventType "swiss (blitz)"]
[EventRounds "11"]
[EventCountry "USA"]
[SourceTitle "EXT 2025"]
[Source "ChessBase"]
[SourceDate "2024.10.14"]
[SourceVersion "1"]
[SourceVersionDate "2024.10.14"]
[SourceQuality "1"]

1. g3 e5 2. Bg2 Nf6 3. d3 d5 4. Nd2 Nc6 5. Ngf3 Bc5 6. 0-0 0-0 7. e4 dxe4 8. dxe4 a5 9. a4 Qe7 10. c3 Rd8 11. Qe2 b6 12. Nc4 Ba6 13. b3 Ne8 14. Be3 Bxe3 15. Qxe3 Bxc4 16. bxc4 Nd6 17. Nd2 Nb7 18. Nb3 Qe6 19. Qe2 Nd6 20. Nd2 Nb8 21. f4 Nd7 22. f5 Qe7 23. g4 Nc5 24. Qe3 f6 25. h4 Qf7 26. Qe2 Qe8 27. g5 Nxa4 28. Rf3 Nc5 29. Rg3 Kh8 30. Qe3 Qf7 31. g6 Qg8 32. gxh7 Qxh7 33. h5 Nf7 34. Bf1 Qh6 35. Kf2 Rxd2+ 36. Kg1 Qxe3+ 37. Rxe3 Rad8 38. h6 0-1

[Event "Sharjah Masters 7th"]
[Site "Sharjah"]
[Date "2024.05.17"]
[Round "4"]
[White "Suleymenov, Alisher"]
[Black "Samant, Aditya S"]
[Result "1/2-1/2"]
[WhiteElo "2501"]
[BlackElo "2501"]
[PlyCount "34"]
[EventDate "2024.05.14"]
[EventType "swiss"]
[EventRounds "9"]
[EventCountry "UAE"]
[SourceTitle "CBM 220"]
[Source "ChessBase"]
[SourceDate "2024.06.30"]
[SourceVersion "1"]
[SourceVersionDate "2024.06.30"]
[SourceQuality "1"]

1. d4 Nf6 2. c4 e6 3. Nc3 Bb4 4. e3 0-0 5. Bd3 d5 6. cxd5 exd5 7. a3 Bd6 8. Qc2 c6 9. Nge2 Re8 10. Bd2 b6 11. f3 c5 12. g4 c4 13. Bf5 Bxf5 14. Qxf5 g6 15. Qg5 Nc6 16. Qh4 Be7 17. Qf2 b5 1/2-1/2

[Event "Sharjah Masters 7th"]
[Site "Sharjah"]
[Date "2024.05.16"]
[Round "3"]
[White "Samant, Aditya S"]
[Black "Dudin, Gleb"]
[Result "0-1"]
[WhiteElo "2501"]
[BlackElo "2554"]
[PlyCount "110"]
[EventDate "2024.05.14"]
[EventType "swiss"]
[EventRounds "9"]
[EventCountry "UAE"]
[SourceTitle "CBM 220"]
[Source "ChessBase"]
[SourceDate "2024.06.30"]
[SourceVersion "1"]
[SourceVersionDate "2024.06.30"]
[SourceQuality "1"]

1. e4 c5 2. Nf3 d6 3. d4 cxd4 4. Nxd4 Nf6 5. Nc3 a6 6. h3 e5 7. Nb3 Be7 8. g4 h6 9. Be3 Nbd7 10. Qf3 b5 11. 0-0-0 b4 12. Nd5 Nxd5 13. exd5 a5 14. Nd2 a4 15. Kb1 0-0 16. Ne4 Qc7 17. Rg1 b3 18. cxb3 axb3 19. Rc1 Qa5 20. a3 Bb7 21. Bc4 Bxd5 22. Bxd5 Qxd5 23. Rgd1 Qe6 24. Rc6 Nb8 25. Rc3 Ra4 26. Ng3 Nd7 27. Qc6 Rfa8 28. Nf5 Bf8 29. Rcd3 Nf6 30. Nxd6 Ne4 31. Qxe4 Rxe4 32. Nxe4 Qc4 33. Nc3 Kh7 34. f3 Be7 35. Kc1 Bf6 36. Kb1 e4 37. fxe4 Rxa3 38. bxa3 Bxc3 39. Bc1 Bb4 40. R3d2 Bxd2 41. Rxd2 Qxe4+ 42. Kb2 Qc4 43. Kb1 h5 44. gxh5 f5 45. Rb2 Qd3+ 46. Ka1 Qxh3 47. a4 Qf1 48. Kb1 Qd3+ 49. Ka1 Qc4 50. Kb1 Qe4+ 51. Ka1 Qxa4+ 52. Kb1 f4 53. Rf2 Qe4+ 54. Ka1 Qd4+ 55. Rb2 f3 0-1

[Event "Dubai Police op-A"]
[Site "Dubai"]
[Date "2024.05.11"]
[Round "8"]
[White "Samant, Aditya S"]
[Black "Boldoo, Erdenepurev"]
[Result "1/2-1/2"]
[WhiteElo "2501"]
[BlackElo "2375"]
[PlyCount "55"]
[EventDate "2024.05.04"]
[EventType "swiss"]
[EventRounds "9"]
[EventCountry "UAE"]
[SourceTitle "CBM 220 Extra"]
[Source "ChessBase"]
[SourceDate "2024.07.31"]
[SourceVersion "1"]
[SourceVersionDate "2024.07.31"]
[SourceQuality "1"]

1. e4 c5 2. Nf3 e6 3. d4 cxd4 4. Nxd4 Nc6 5. Nc3 a6 6. Nxc6 bxc6 7. Qd3 d5 8. Qg3 Nf6 9. Be2 d4 10. e5 Nd7 11. Ne4 Qa5+ 12. c3 Qxe5 13. Qxe5 Nxe5 14. cxd4 Nd7 15. Bf4 Bb4+ 16. Kf1 Nb6 17. Rc1 Nd5 18. Bd6 Bxd6 19. Nxd6+ Ke7 20. Nc4 a5 21. Ne5 Bd7 22. Bf3 f6 23. Nc4 Rhb8 24. g3 Nb6 25. Ne3 Nd5 26. Nc4 Nb6 27. Ne3 Nd5 28. Nc4 1/2-1/2